000
00273nam a2200109Ia 4500
008
200302s9999 xx 000 0 und d
100
_a
Manuel Castell
245
_a
The Rise of the Network Society 2nd ed.,
260
_b
Marg Publication
260
_c
2010
300
_a
597 P.,
999
_c
3172
_d
3172